01182nam a2200301 a 4500003000900000005001700009007000300026008004100029020001800070040002500088082001400113110007100127245013200198260003300330300003400363500009000397504003000487590002700517650002800544650003100572700003800603700003300641710004100674910001400715942001400729952012000743999001700863DO-SdBNP20240530073937.0ta090713s2009 dr ac 000 0 spa d a9789945421729 aDO-SdBNPbspacBNPHU axxxbxxxx1 aBanco Nacional de Fomento de la Vivienda y la Producción 98289813aColección BNV :bartes plásticas /ctextos Lilian Carrasco ; fotografías Eloy Pérez Báez ; edición Avelino Stanley  aSanto Domingo :bBNV,c2009. a359 p. :bil. retr- ;c32 cm. aEdición homenaje, en el centenario del natalicio del profesor Juan Bosch 1909-2009. aBibliografía p: 356-359 aInventariado, 2022/ YL 0aEnsayos dominicanos965 0aLiteratura dominicana.96712aPérez Báez, Eloyefot.95137012aStanley, Avelinoeed.9815561 aBanco Nacional de la Vivienda957099 aYLockward 2ddccLBS1 00102ddc51708PDaBNPHUbBNPHUcCTd2022-05-24eJohanna W.l0oxxx xxxxp2022-5784r2022-11-29w2022-11-29yLBS1 c53015d53015